Cyclisme : Cyclistes Australiens en WT et ProTeam saison 2023 - Statistiques

Statistiques générales
  • Ce quiz a été pris 29 fois
    28 depuis la dernière actualisation
  • Le résultat moyen est 15 sur 39
Statistiques - réponses
Hint Réponse % Correct
AG2R Citroën Team Ben O'CONNOR
96%
Lotto Dstny Caleb EWAN
85%
Team Jayco AlUla Michael MATTHEWS
81%
BORA - hansgrohe Jai HINDLEY
77%
Bahrain - Victorious Jack HAIG
62%
INEOS Grenadiers Luke PLAPP
62%
Team Jayco AlUla Chris HARPER
58%
Jumbo-Visma Rohan DENNIS
58%
UAE Team Emirates Jay VINE
54%
Team Jayco AlUla Callum SCOTSON
50%
Team dsm - firmenich Chris HAMILTON
50%
Q36.5 Pro Cycling Team Damien HOWSON
50%
Team Jayco AlUla Lucas HAMILTON
50%
Groupama - FDJ Michael STORER
50%
Groupama - FDJ Miles SCOTSON
50%
INEOS Grenadiers Cameron WURF
46%
Alpecin-Deceuninck Kaden GROVES
38%
Team Jayco AlUla Luke DURBRIDGE
35%
Team dsm - firmenich Sam WELSFORD
35%
Lotto Dstny Harry SWEENY
31%
Lotto Dstny Jarrad DRIZNERS
31%
Team dsm - firmenich Matthew DINHAM
31%
Alpecin-Deceuninck Robert STANNARD
31%
Team Jayco AlUla Kelland O'BRIEN
27%
Israel - Premier Tech Nick SCHULTZ
27%
Team dsm - firmenich Alex EDMONDSON
23%
Bahrain - Victorious Cameron SCOTT
23%
Alpecin-Deceuninck Jensen PLOWRIGHT
23%
Team Jayco AlUla Michael HEPBURN
23%
Team Jayco AlUla Blake QUICK
15%
Q36.5 Pro Cycling Team Cyrus MONK
15%
Bahrain - Victorious Heinrich HAUSSLER
15%
Team Jayco AlUla Rudy PORTER
15%
Israel - Premier Tech Simon CLARKE
15%
Israel - Premier Tech Sebastian BERWICK
12%
Team Novo Nordisk Declan IRVINE
8%
Team Jayco AlUla Hamish MCKENZIE
4%
Israel - Premier Tech Taj JONES
4%
Israel - Premier Tech Brady GILMORE
0%
Aucun quiz correspondant
Distribution des résultats
% des personnes avec chaque résultat
Percentile par nombre de réponses
Votre historique - résultats
Vous n’avez pas pris ce quiz depuis la dernière actualisation